Censorship in South Asia : (Record no. 14486)

000 -LEADER
fixed length control field 02106cam a22003974a 4500
001 - CONTROL NUMBER
control field 7241714
003 - CONTROL NUMBER IDENTIFIER
control field OSt
005 - DATE AND TIME OF LATEST TRANSACTION
control field 20180117090006.0
008 - FIXED-LENGTH DATA ELEMENTS--GENERAL INFORMATION
fixed length control field 081212s2009 inua b s001 0 eng
010 ## - LIBRARY OF CONGRESS CONTROL NUMBER
LC control number 2008052447
020 ## - INTERNATIONAL STANDARD BOOK NUMBER
International Standard Book Number 9780253353351 (alk. paper)
020 ## - INTERNATIONAL STANDARD BOOK NUMBER
International Standard Book Number 0253353351 (alk. paper)
020 ## - INTERNATIONAL STANDARD BOOK NUMBER
International Standard Book Number 9780253220936 (pbk. : alk. paper)
020 ## - INTERNATIONAL STANDARD BOOK NUMBER
International Standard Book Number 0253220939 (pbk. : alk. paper)
024 ## - OTHER STANDARD IDENTIFIER
Standard number or code 40016908489
035 ## - SYSTEM CONTROL NUMBER
System control number (OCoLC)ocn261176960
035 ## - SYSTEM CONTROL NUMBER
System control number (OCoLC)261176960
035 ## - SYSTEM CONTROL NUMBER
System control number (NNC)7241714
040 ## - CATALOGING SOURCE
Original cataloging agency DLC
Transcribing agency DLC
Modifying agency BTCTA
-- YDXCP
-- C#P
-- OrLoB-B
043 ## - GEOGRAPHIC AREA CODE
Geographic area code a-ii---
-- az-----
050 00 - LIBRARY OF CONGRESS CALL NUMBER
Classification number Z658.I4
Item number C46 2009
082 00 - DEWEY DECIMAL CLASSIFICATION NUMBER
Classification number 363.310954
Edition number 22
245 00 - TITLE STATEMENT
Title Censorship in South Asia :
Remainder of title cultural regulation from sedition to seduction /
Statement of responsibility, etc. edited by Raminder Kaur, William Mazzarella.
260 ## - PUBLICATION, DISTRIBUTION, ETC.
Place of publication, distribution, etc. Bloomington :
Name of publisher, distributor, etc. Indiana University Press,
Date of publication, distribution, etc. c2009.
300 ## - PHYSICAL DESCRIPTION
Extent vii, 243 p. :
Other physical details ill. ;
Dimensions 24 cm.
504 ## - BIBLIOGRAPHY, ETC. NOTE
Bibliography, etc. note Includes bibliographical references and index.
505 00 - FORMATTED CONTENTS NOTE
Miscellaneous information 1.
Title Between sedition and seduction : thinking censorship in South Asia /
Statement of responsibility William Mazzarella and Raminder Kaur --
Miscellaneous information 2.
Title Iatrogenic religion and politics /
Statement of responsibility Christopher Pinney --
Miscellaneous information 3.
Title Making sense of the cinema in late colonial India /
Statement of responsibility William Mazzarella --
Miscellaneous information 4.
Title The limits of decency and the decency of limits : censorship and the Bombay film industry /
Statement of responsibility Tejaswini Ganti --
Miscellaneous information 5.
Title Anxiety, failure, and censorship in Indian advertising /
Statement of responsibility Angad Chowdhury --
Miscellaneous information 6.
Title Nuclear revelations /
Statement of responsibility Raminder Kaur --
Miscellaneous information 7.
Title Specters of Macaulay : blasphemy, the Indian penal code, and Pakistan's postcolonial predicament /
Statement of responsibility Asad Ali Ahmed --
Miscellaneous information 8.
Title After the massacre : secrecy, disbelief, and the public sphere in Nepal /
Statement of responsibility Genevieve Lakier.
650 #0 - SUBJECT ADDED ENTRY--TOPICAL TERM
Topical term or geographic name entry element Censorship
Geographic subdivision India.
650 #0 - SUBJECT ADDED ENTRY--TOPICAL TERM
Topical term or geographic name entry element Censorship
Geographic subdivision South Asia.
700 1# - ADDED ENTRY--PERSONAL NAME
Personal name Kaur, Raminder.
700 1# - ADDED ENTRY--PERSONAL NAME
Personal name Mazzarella, William,
Dates associated with a name 1969-
900 ## - EQUIVALENCE OR CROSS-REFERENCE-PERSONAL NAME [LOCAL, CANADA]
Numeration TOC
942 ## - ADDED ENTRY ELEMENTS (KOHA)
Source of classification or shelving scheme
Koha item type Book
948 1# - LOCAL PROCESSING INFORMATION (OCLC); SERIES PART DESIGNATOR (RLIN)
Series part designator, SPT (RLIN) 20090910
b (OCLC) c
c (OCLC) sl13
d (OCLC) MPS
Holdings
Withdrawn status Lost status Damaged status Not for loan Collection code Permanent Location Current Location Shelving location Date acquired Total Checkouts Full call number Barcode Date last seen Price effective from Koha item type Source of classification or shelving scheme
          Centre for International Peace & Stability (CIPS) Centre for International Peace & Stability (CIPS) General Stacks 09/04/2013   363.310954 CEN 2010 CIPS0001178 09/05/2013 01/05/2017 Book  
          Centre for International Peace & Stability (CIPS) Centre for International Peace & Stability (CIPS) General Stacks 09/04/2013   363.310954 CEN 2009 CIPS0000015 07/24/2017 07/24/2017 Book  
© 2023 Central Library, National University of Sciences and Technology. All Rights Reserved.